000 00386nam a2200157Ia 4500
008 151213s9999 xx 000 0 und d
100 _aRamji Lal
245 _aTh Scarlet Letter A critical Study
_cRamji Lal
250 _a7th
260 _aNew Delhi
_bA R T I Book Centre
_c1997
300 _a7102 p.
650 _aEnglish
650 _aEnglish
700 _aRamji Lal
999 _c3758
_d3758